How I changed my mind about evolution : (Record no. 45115)
[ view plain ]
| 000 -LEADER | |
|---|---|
| fixed length control field | 01021cam a2200265 i 4500 |
| 001 - CONTROL NUMBER | |
| control field | 18985678 |
| 005 - DATE AND TIME OF LATEST TRANSACTION | |
| control field | 20181219132058.0 |
| 008 - FIXED-LENGTH DATA ELEMENTS--GENERAL INFORMATION | |
| fixed length control field | 160222s2016 ilu 000 0 eng |
| 010 ## - LIBRARY OF CONGRESS CONTROL NUMBER | |
| LC control number | 2016007931 |
| 020 ## - INTERNATIONAL STANDARD BOOK NUMBER | |
| International Standard Book Number | 9780830852901 |
| 040 ## - CATALOGING SOURCE | |
| Original cataloging agency | DLC |
| Language of cataloging | eng |
| Transcribing agency | DLC |
| Description conventions | rda |
| Modifying agency | DLC |
| 042 ## - AUTHENTICATION CODE | |
| Authentication code | pcc |
| 245 00 - TITLE STATEMENT | |
| Title | How I changed my mind about evolution : |
| Remainder of title | evangelicals reflect on faith and science / |
| Statement of responsibility, etc | edited by Kathryn Applegate & J.B. Stump. |
| 260 ## - PUBLICATION, DISTRIBUTION, ETC. (IMPRINT) | |
| Place of publication, distribution, etc | Downers Grove, Illinois : |
| Name of publisher, distributor, etc | IVP Academic, an imprint of InterVarsity Press, |
| Date of publication, distribution, etc | 2016. |
| 300 ## - PHYSICAL DESCRIPTION | |
| Extent | 196 pages ; |
| Dimensions | 21 cm |
| 336 ## - CONTENT TYPE | |
| Content Type Term | text |
| Source | rdacontent |
| 337 ## - MEDIA TYPE | |
| Media Type Term | unmediated |
| Source | rdamedia |
| 338 ## - CARRIER TYPE | |
| Carrier Type Term | volume |
| Source | rdacarrier |
| 650 #0 - SUBJECT ADDED ENTRY--TOPICAL TERM | |
| Topical term or geographic name as entry element | Evolution (Biology) |
| General subdivision | Religious aspects |
| -- | Christianity. |
| 650 #0 - SUBJECT ADDED ENTRY--TOPICAL TERM | |
| Topical term or geographic name as entry element | Religion and science. |
| 650 #0 - SUBJECT ADDED ENTRY--TOPICAL TERM | |
| Topical term or geographic name as entry element | Evangelicalism. |
| 700 1# - ADDED ENTRY--PERSONAL NAME | |
| Personal name | Applegate, Kathryn, |
| Dates associated with a name | 1982- |
| Relator term | editor. |
| 776 08 - ADDITIONAL PHYSICAL FORM ENTRY | |
| Display text | Online version: |
| Title | How I changed my mind about evolution |
| Place, publisher, and date of publication | Downers Grove : InterVarsity Press, 2016 |
| International Standard Book Number | 9780830899630 |
| Record control number | (DLC) 2016009334 |
| 942 ## - ADDED ENTRY ELEMENTS (KOHA) | |
| Source of classification or shelving scheme | Library of Congress Classification |
| Item type | Books |
| Withdrawn status | Lost status | Source of classification or shelving scheme | Damaged status | Not for loan | Home library | Current library | Shelving location | Date acquired | Source of acquisition | Inventory number | Total Checkouts | Full call number | Barcode | Date last seen | Price effective from | Koha item type |
|---|---|---|---|---|---|---|---|---|---|---|---|---|---|---|---|---|
| Library of Congress Classification | BSOP Library | BSOP Library | GC | 12/19/2018 | Donated by Dr. William and Mariel Kirwan | 44842 | BL263 H83 2016 | 00055842 | 12/19/2018 | 12/19/2018 | Books |
